LEADER 01436nam a2200313 i 4500 001 000000332405 003 CaOOAMICUS 005 20251120142119.0 008 190204s2012 it u000 u ita u 013 $a233187 020 $a978-88-452-6954-7 040 $aSeMil$bita 041 1 $aita 100 1 $aMondolfo, Rodolfo,$d<1877-1976>.$0(OLS)http://semarc/name/907 245 13$aLa comprensione del soggetto umano nell'antichitā classica /$cRodolfo Mondolfo ; presentazione di Giovanni Reale ; bibliografia degli scritti di Mondolfo di Claudia Bianco. 260 $aMilano :$bBompiani,$c2012. 300 $aXXII, 824 p. ;$c22 cm. 490 0 $aIl pensiero occidentale 650 4$aSoggetto .$0(OLS)http://semarc/subject/44951 650 4$aFilosofia antica.$0(OLS)http://semarc/subject/2933 700 1 $aBianco, Claudia.$0(OLS)http://semarc/name/108830 700 1 $aReale, Giovanni,$d<1931-2014>.$0(OLS)http://semarc/name/74 830 0$aBompiani Il pensiero occidentale.$0(OLS)http://semarc/title/10111 850 $aSeMil 852 $aSeMil$W1$xVenegono$y1$m2OA V 401$j210123$B224175$CSeMilBibl$Z2$F224175 $81 996 $6020$a978-88-452-6954-7$9(OLS)http://semarc/number/286453 996 $6245$aLa comprensione del soggetto umano nell'antichitā classica$9(OLS)http://semarc/title/89877 996 $6260$aMilano :$bBompiani$9(OLS)http://semarc/publisher/29706 LEADER 03228nam a2200517 i 4500 001 000000047356 003 CaOOAMICUS 005 20210421141805.0 008 120702s1995 it u000 u ita u 013 $a18526 020 $a88-01-10665-3 040 $aSeMil$bita 100 1 $aCassaro, Giuseppe.$0(OLS)http://semarc/name/23542 245 10$aEvangelium vitae :$bcommento all'Enciclica sulla bioetica /$cGiovanni Russo (a cura di) 264 1$aLeumann (Torino) :$bElle Di Ci,$c1995. 300 $a334 p. ;$c21 cm. 490 1 $aEvangelium Vitae ;$v1 500 $aIn appendice: Le citazioni bibliche dell'Enciclica ĢEvangelium vitaeģ / Giuseppe Cassaro Giovanni Russo; Lessico-soggettario dell'Enciclica Evangelium vitae / Giuseppe Cassaro Giovanni Russo. 650 4$aBioetica e teologia.$0(OLS)http://semarc/subject/6364 650 4$aGiovanni Paolo II - Encicliche . Evangelium Vitae.$0(OLS)http://semarc/subject/20478 700 1 $aRusso, Giovanni,$d<1963- >.$0(OLS)http://semarc/name/22787 774 0 $aLopez Trujillo, Alfonso $tGenesi e dimensioni dell'Enciclica ĢEvangelium Vitaeģ.$w()296733 774 0 $aCavedo, Romeo$tMistero grande e ineffabile della vita in ĢEvangelium Vitaeģ.$w()296734 774 0 $aMuraro, Giordano <1931-2020>$tAttuali minacce alla vita umana secondo ĢEvangelium Vitaeģ.$w()296735 774 0 $aFrigato, Sabino$tMistero della vita nel mistero di Cristo.$w()296736 774 0 $aCiccone, Lino $tVita umana č sacra e inviolabile.$w()296737 774 0 $aConcetti, Gino $tFamiglia santuario della vita e la procreazione.$w()296738 774 0 $aSerra, Angelo $tEmbrione umano.$w()296739 774 0 $aFerasin, Egidio$tAborto nell'Enciclica ĢEvangelium Vitaeģ.$w()296740 774 0 $aCattorini, Paolo Marino <1956- >$tSofferenza, malattia, eutanasia.$w()296741 774 0 $aRusso, Giovanni <1963- >$tSignificato della ĢEvangelium Vitaeģ per la bioetica.$w()296742 774 0 $aBompiani, Adriano <1923-2013>$tĢEvangelium Vitaeģ e la tutela giuridica della vita prenatale.$w()296743 774 0 $aLeone, Salvino <1954- >$tFormazione bioetica del medico alla luce della ĢEvangelium Vitaeģ.$w()296744 774 0 $aGensabella Furnari, Marianna$tEthos Ģrelazionaleģ e bioetica.$w()296745 774 0 $aFrattallone, Raimondo$tBuona novella di ĢEvangelium Vitaeģ per la spiritualitā coniugale.$w()296746 774 0 $aGatti, Guido$tEducare per una cultura della vita.$w()296747 774 0 $aRicci Sindoni, Paola$tCose nuove e cose antiche.$w()296748 774 0 $aAmato, Angelo $tMaria, madre della vita.$w()296749 830 0$aEvangelium Vitae ;$v1.$0(OLS)http://semarc/title/519 850 $aSeMil 852 $aSeMil$W1$xVenegono$y1$m2E II 314$j13511$B13511$CSeMilBibl$Z2$F13511 $81 961 $aOmaggio: Scuola Cattolica 996 $6020$a88-01-10665-3$9(OLS)http://semarc/number/20020 996 $6245$aEvangelium vitae :$bcommento all'Enciclica sulla bioetica$9(OLS)http://semarc/title/402486 996 $6264$aLeumann (Torino) :$bElle Di Ci$9(OLS)http://semarc/publisher/29809